书目信息 |
| 题名: |
妇女儿童权益保护
|
|
| 作者: | 谭天 , 张宝菊 , 于丹 编著 | |
| 分册: | ||
| 出版信息: | 合肥 黄山书社 2010 |
|
| 页数: | 211页 | |
| 开本: | 21cm | |
| 丛书名: | ||
| 单 册: | ||
| 中图分类: | D923.84 | |
| 科图分类: | ||
| 主题词: | 法规 , 妇女儿童权益保护--法规--基本知识--中国 , 妇女儿童权益保护 | |
| 电子资源: | ||
| ISBN: | 978-7-5461-1205-3 | |
| 000 | 01030nam0 2200301 450 | |
| 001 | 1138931716 | |
| 005 | 20111212154941.14 | |
| 010 | @a978-7-5461-1205-3@dCNY20.00 | |
| 090 | @aD920.4@bldg | |
| 096 | @aD920.4@bldg | |
| 100 | @a20101112d2010 em y0chiy50 ea | |
| 101 | 0 | @achi |
| 102 | @aCN@b340000 | |
| 105 | @ay z 000yy | |
| 200 | 1 | @a妇女儿童权益保护@b专著@f于丹,张宝菊,谭天编著@9fu nv er tong quan yi bao hu |
| 210 | @a合肥@c黄山书社@d2010 | |
| 215 | @a211页@d21cm | |
| 300 | @a法律帮助一点通/刘东根总主编 | |
| 330 | @a本书分妇女权益保护和儿童权益保护两编,内容包括:人身权利、财产权利、婚姻家庭权益、劳动与社会保障权益、政治文化教育权与妇女权益救济途径、教育文化权和劳动与社会保障权、法律责任等。 | |
| 606 | 0 | @a法规 |
| 606 | 0 | @a妇女儿童权益保护@x法规@x基本知识@y中国 |
| 606 | 0 | @a妇女儿童权益保护 |
| 690 | @aD923.84@v4 | |
| 701 | 0 | @a谭天@9tan tian@4编著 |
| 701 | 0 | @a张宝菊@9zhang bao ju@4编著 |
| 701 | 0 | @a于丹@9yu dan@4编著 |
| 801 | 0 | @aCN@b110019@c20101029 |
| 905 | @aZUCC@dD923.84@eT125 | |
| 妇女儿童权益保护/于丹,张宝菊,谭天编著.-合肥:黄山书社,2010 |
| 211页;21cm |
| 法律帮助一点通/刘东根总主编 |
| ISBN 978-7-5461-1205-3:CNY20.00 |
| 本书分妇女权益保护和儿童权益保护两编,内容包括:人身权利、财产权利、婚姻家庭权益、劳动与社会保障权益、政治文化教育权与妇女权益救济途径、教育文化权和劳动与社会保障权、法律责任等。 |
| ● |
| 相关链接 |
|
|
|
正题名:妇女儿童权益保护
索取号:D923.84/T125
 
预约/预借
| 序号 | 登录号 | 条形码 | 馆藏地/架位号 | 状态 | 备注 |
| 1 | 827961 | 208279619 | 社科库509/509社科库 95排1列3层/ [索取号:D923.84/T125] | 在馆 | |
| 2 | 827962 | 208279628 | 社科库509/509社科库 95排1列3层/ [索取号:D923.84/T125] | 在馆 | |
| 3 | 827963 | 208279637 | 社科库509/509社科库 95排1列3层/ [索取号:D923.84/T125] | 在馆 |